[Event "10th Africa-ch (w)"]
[Site "Kampala UGA"]
[Date "2016.07.23"]
[Round "8"]
[White "Laubscher, Anzel"]
[Black "Latreche, Sabrina"]
[Result "0-1"]
[WhiteElo "1797"]
[BlackElo "2066"]
[EventDate "2016.07.17"]
[PlyCount "96"]

1.Nf3 Nf6 2.c4 e6 3.b3 d5 4.Bb2 Be7 5.g3 O-O 6.Bg2 Ne4 7.O-O Bf6 8.Qc2 Nc6
9.a3 Bxb2 10.Qxb2 Re8 11.d3 Nf6 12.Ne5 Nxe5 13.Qxe5 c6 14.Nd2 Ng4 15.Qb2 
d4 16.c5 e5 17.Nc4 Nh6 18.h3 Qg5 19.Nd6 Re7 20.Ne4 Qg6 21.Qc1 f6 22.b4 Be6
23.Nd6 Bd5 24.Bxd5+ cxd5 25.c6 bxc6 26.Qxc6 Rd8 27.Kg2 Re6 28.Nc8 Rxc6 29.
Ne7+ Kf7 30.Nxg6 hxg6 31.Rfc1 Rdc8 32.Rxc6 Rxc6 33.b5 Rc7 34.a4 Nf5 35.a5 
Nd6 36.b6 axb6 37.axb6 Rb7 38.Ra7 Ke7 39.h4 Kd7 40.g4 Kc6 41.Kg3 Rxa7 42.
bxa7 Kb7 43.f4 Kxa7 44.Kf3 Kb6 45.fxe5 fxe5 46.g5 Nf5 47.Kg4 Ne3+ 48.Kf3 
Kc6 0-1

[Event "10th Africa-ch (w)"]
[Site "Kampala UGA"]
[Date "2016.07.23"]
[Round "8"]
[White "Caxita, Esperanca"]
[Black "Hamza, Amira"]
[Result "1-0"]
[WhiteElo "1822"]
[BlackElo "1933"]
[EventDate "2016.07.17"]
[PlyCount "101"]

1.e4 Nf6 2.e5 Nd5 3.d4 d6 4.c4 Nb6 5.Nf3 Bg4 6.exd6 cxd6 7.Bd3 Nc6 8.Be3 
e6 9.Nbd2 Be7 10.O-O h6 11.a3 a5 12.Rc1 Bf6 13.Qc2 Bxf3 14.Nxf3 O-O 15.Qb3
a4 16.Qc2 Rc8 17.Qd2 Re8 18.Bb1 Ne7 19.Qc2 Rxc4 20.Qe4 Rxc1 21.Rxc1 Nbd5 
22.Bd2 Ng6 23.Qg4 Nde7 24.h4 Kh8 25.h5 Nf8 26.Nh2 Qb6 27.Bc3 Nd5 28.Qf3 
Rc8 29.Ng4 Nxc3 30.bxc3 Qb2 31.Rf1 Qxc3 32.Qxb7 Qc7 33.Qb4 Qc6 34.Nxf6 
gxf6 35.Qd2 Kg7 36.Qf4 f5 37.Re1 Rb8 38.Rc1 Qd5 39.Bc2 Rc8 40.Qg3+ Kh8 41.
Qe3 Nh7 42.Bxa4 Rxc1+ 43.Qxc1 Qxd4 44.Be8 Kg7 45.a4 Nf6 46.Bc6 Ng4 47.Qe1 
Ne5 48.Kf1 f4 49.f3 f5 50.Qd2 d5 51.Qxf4 1-0

[Event "10th Africa-ch (w)"]
[Site "Kampala UGA"]
[Date "2016.07.23"]
[Round "8"]
[White "Van Niekerk, Megan"]
[Black "Van Niekerk, Robyn Julian"]
[Result "0-1"]
[WhiteElo "1594"]
[BlackElo "1621"]
[EventDate "2016.07.17"]
[PlyCount "58"]

1.d4 d5 2.c4 c6 3.Nc3 Nf6 4.Bg5 e6 5.cxd5 exd5 6.e3 Bf5 7.Nge2 Be7 8.f3 
O-O 9.Ng3 Bg6 10.Bd3 Bxd3 11.Qxd3 Re8 12.O-O h6 13.Bf4 Nbd7 14.e4 Nf8 15.
Rae1 Ne6 16.Be3 dxe4 17.Ncxe4 Nd5 18.Bf2 Nb4 19.Qc4 b5 20.Qb3 Nxd4 21.Bxd4
Qxd4+ 22.Kh1 Nd5 23.Ne2 Qb6 24.N4c3 Nb4 25.Ng3 Nd3 26.Nd5 Nf2+ 27.Kg1 Nh3+
28.Kh1 Qg1+ 29.Rxg1 Nf2# 0-1

[Event "10th Africa-ch (w)"]
[Site "Kampala UGA"]
[Date "2016.07.23"]
[Round "8"]
[White "Frick, Denise"]
[Black "Domingos, Maria"]
[Result "1-0"]
[WhiteElo "1905"]
[BlackElo "1712"]
[EventDate "2016.07.17"]
[PlyCount "89"]

1.e4 e5 2.Nf3 Nf6 3.Nxe5 Qe7 4.Nf3 Nxe4 5.Be2 d5 6.O-O Be6 7.Re1 Nd7 8.d3 
Nef6 9.Nd4 O-O-O 10.Bf3 Qd6 11.Nxe6 fxe6 12.Nc3 Re8 13.d4 h6 14.a4 a5 15.
Nb5 Qb6 16.Bf4 Bd6 17.Nxd6+ cxd6 18.Qd3 Nb8 19.c4 Nc6 20.cxd5 Nxd4 21.
Rac1+ Kd7 22.dxe6+ Rxe6 23.Rxe6 Nxf3+ 24.Qxf3 Kxe6 25.Qe2+ Kd7 26.Rd1 Re8 
27.Qc2 Qb4 28.Bd2 Qe4 29.Qb3 Re5 30.h3 Qd5 31.Qc2 Qe6 32.Rc1 Ke7 33.Bc3 
Rc5 34.Qg6 Kf8 35.Re1 Qf5 36.Qg3 Rd5 37.Qe3 Kg8 38.Qe7 b6 39.Qd8+ Kh7 40.
Qxb6 Ne4 41.Bd4 Nd2 42.Qa7 Qg6 43.Kh1 Rh5 44.Bxg7 Kg8 45.Bf6 1-0

[Event "10th Africa-ch (w)"]
[Site "Kampala UGA"]
[Date "2016.07.23"]
[Round "8"]
[White "Angolikin, Goretti"]
[Black "Fisher, Michelle"]
[Result "1/2-1/2"]
[WhiteElo "1607"]
[BlackElo "1681"]
[EventDate "2016.07.17"]
[PlyCount "73"]

1.e4 c5 2.b3 Nc6 3.Bb2 Nf6 4.Bd3 d6 5.Nc3 Ne5 6.Bb5+ Bd7 7.f4 Nc6 8.Nge2 
a6 9.Bxc6 Bxc6 10.d3 e6 11.O-O Be7 12.h3 b5 13.Ng3 Qb6 14.Nce2 O-O-O 15.c4
bxc4 16.dxc4 Nxe4 17.Nxe4 Bxe4 18.Nc3 Bc6 19.Qe2 Qb7 20.Na4 Rhg8 21.Rab1 
g5 22.f5 exf5 23.Nc3 g4 24.h4 Bxh4 25.Nd5 Bxd5 26.cxd5 Qxd5 27.Qxa6+ Kd7 
28.Qa7+ Ke8 29.Rbe1+ Kf8 30.Bc1 Rg6 31.Rd1 Qe4 32.Qc7 Bg3 33.Qxd8+ Kg7 34.
Bb2+ Kh6 35.Bc1+ Kg7 36.Bb2+ Kh6 37.Bc1+ 1/2-1/2

[Event "10th Africa-ch (w)"]
[Site "Kampala UGA"]
[Date "2016.07.23"]
[Round "8"]
[White "Ampaire, Shakira"]
[Black "Joyce, Nyaruai"]
[Result "1-0"]
[WhiteElo "1367"]
[BlackElo "1471"]
[EventDate "2016.07.17"]
[PlyCount "71"]

1.d4 d5 2.Nf3 Nf6 3.g3 Bf5 4.Bg2 e6 5.O-O Be7 6.Bf4 h6 7.Nbd2 Nbd7 8.Re1 
O-O 9.c3 c5 10.Qb3 b6 11.c4 Rc8 12.Rac1 Bh7 13.e3 g5 14.Be5 Ng4 15.h3 
Ngxe5 16.Nxe5 Nxe5 17.dxe5 d4 18.exd4 cxd4 19.Qf3 Rc7 20.Ne4 Kg7 21.Bf1 
Bg6 22.Bd3 Qa8 23.Kg2 Qb7 24.b3 Re8 25.Rcd1 Bc5 26.Qg4 Bb4 27.Re2 Rg8 28.
Kh2 Kf8 29.Nf6 Rg7 30.Bxg6 Rxg6 31.Qxd4 Be7 32.Red2 Rg7 33.Ne8 Kg8 34.Nxc7
Qxc7 35.Qe4 Qc5 36.Kg1 1-0

[Event "10th Africa-ch (w)"]
[Site "Kampala UGA"]
[Date "2016.07.23"]
[Round "8"]
[White "Kabengano, Joyce"]
[Black "Nansubuga, Gloria"]
[Result "1-0"]
[WhiteElo "1556"]
[BlackElo "1445"]
[EventDate "2016.07.17"]
[PlyCount "77"]

1.e4 e5 2.Nf3 Nc6 3.Bc4 Bc5 4.d3 h6 5.c3 Nf6 6.O-O d6 7.h3 a6 8.Bb3 O-O 9.
Nbd2 Be6 10.Re1 Bb6 11.Nc4 Ba7 12.d4 exd4 13.Nxd4 Nxd4 14.cxd4 Bxc4 15.
Bxc4 b5 16.Bb3 c5 17.e5 dxe5 18.dxe5 Qxd1 19.Bxd1 Nd5 20.Bf3 Rad8 21.a3 a5
22.Rd1 Nc7 23.Be3 Rfe8 24.b4 a4 25.bxc5 Rxd1+ 26.Rxd1 Rxe5 27.Rd7 Bb8 28.
Bc6 Kh7 29.Rxf7 Nd5 30.Rb7 Nxe3 31.Rxb8 Nc4 32.Bxb5 Nxa3 33.Bd3+ g6 34.
Rb7+ Kg8 35.c6 Rc5 36.c7 Rc1+ 37.Kh2 Rh1+ 38.Kxh1 Kf8 39.c8=Q# 1-0

[Event "10th Africa-ch (w)"]
[Site "Kampala UGA"]
[Date "2016.07.23"]
[Round "8"]
[White "Babirye, Stella"]
[Black "Namaganda, Christine"]
[Result "0-1"]
[WhiteElo "1244"]
[BlackElo "1564"]
[EventDate "2016.07.17"]
[PlyCount "64"]

1.d4 Nf6 2.Nf3 g6 3.Nc3 Bg7 4.e3 d6 5.b3 c5 6.Bb2 cxd4 7.Qxd4 Nc6 8.Qd1 
Qa5 9.Qd2 Ne4 10.Nxe4 Qxd2+ 11.Nfxd2 Bxb2 12.Rb1 Bg7 13.Ng5 h6 14.Ngf3 Nb4
15.Bd3 Nxa2 16.Nd4 Nb4 17.Nb5 O-O 18.Ra1 Nxd3+ 19.cxd3 Bxa1 20.O-O Bg7 21.
Nc7 Rb8 22.Nd5 e6 23.Ne7+ Kh7 24.Nxc8 Rbxc8 25.Ne4 d5 26.Nd2 Rc3 27.e4 
Rfc8 28.h3 Rc1 29.g4 Rxf1+ 30.Kxf1 Rc1+ 31.Kg2 b5 32.Kf3 f5 0-1

[Event "10th Africa-ch (w)"]
[Site "Kampala UGA"]
[Date "2016.07.24"]
[Round "9"]
[White "Shroohk, Wafa"]
[Black "Caxita, Esperanca"]
[Result "1/2-1/2"]
[WhiteElo "2096"]
[BlackElo "1822"]
[EventDate "2016.07.17"]
[PlyCount "96"]

1.e4 e5 2.Nf3 d6 3.d4 exd4 4.Qxd4 Nc6 5.Bb5 Bd7 6.Bxc6 Bxc6 7.Nc3 Nf6 8.
Bg5 Be7 9.O-O-O h6 10.Bh4 O-O 11.e5 dxe5 12.Qxe5 Bd6 13.Qf5 Qd7 14.Nd4 
Qxf5 15.Nxf5 Be5 16.Ne7+ Kh7 17.Nxc6 bxc6 18.Bxf6 Bxf6 19.Rd7 Be5 20.g3 
Bd6 21.Ne4 Rad8 22.Rxd8 Rxd8 23.Re1 Rd7 24.c4 f5 25.Nc3 Kg6 26.Kc2 Kf6 27.
a3 Bc5 28.Re2 Bd4 29.b4 Re7 30.Rd2 Bxc3 31.Kxc3 Re4 32.Rd7 Re7 33.Rxe7 
Kxe7 34.Kb3 Kd7 35.Ka4 Kc8 36.Ka5 Kb7 37.h4 g5 38.hxg5 hxg5 39.f3 g4 40.f4
c5 41.b5 Kb8 42.Ka6 Ka8 43.a4 Kb8 44.b6 cxb6 45.a5 Kc7 46.axb6+ axb6 47.
Ka7 Kc6 48.Ka6 Kc7 1/2-1/2

[Event "10th Africa-ch (w)"]
[Site "Kampala UGA"]
[Date "2016.07.24"]
[Round "9"]
[White "Shahenda, Wafa"]
[Black "Frick, Denise"]
[Result "1-0"]
[WhiteElo "2106"]
[BlackElo "1905"]
[EventDate "2016.07.17"]
[PlyCount "81"]

1.e4 c5 2.Nf3 d6 3.d4 cxd4 4.Nxd4 Nf6 5.Nc3 Nc6 6.Bg5 e6 7.Be2 Be7 8.O-O 
a6 9.Be3 Bd7 10.f4 Nxd4 11.Bxd4 Bc6 12.Bd3 b5 13.a3 O-O 14.Kh1 Nd7 15.Qg4 
e5 16.Be3 exf4 17.Bxf4 Ne5 18.Bxe5 dxe5 19.Rad1 Qc8 20.Qh5 Qe6 21.Nd5 Rac8
22.Ne3 f6 23.a4 Be8 24.Qe2 Qc6 25.Nf5 Bc5 26.axb5 axb5 27.Qg4 Bg6 28.Nh4 
Bf7 29.Qe2 Be8 30.Nf5 g6 31.Nh6+ Kg7 32.Ng4 h5 33.Ne3 Bxe3 34.Qxe3 Bf7 35.
b3 Qc5 36.Qe2 Rb8 37.Ra1 b4 38.Qf3 Rb6 39.Ra7 Kg8 40.Rfa1 Be6 41.R7a5 1-0

[Event "10th Africa-ch (w)"]
[Site "Kampala UGA"]
[Date "2016.07.24"]
[Round "9"]
[White "Van Niekerk, Robyn Julian"]
[Black "El-Ansary, Eman"]
[Result "0-1"]
[WhiteElo "1621"]
[BlackElo "1920"]
[EventDate "2016.07.17"]
[PlyCount "70"]

1.d4 c5 2.d5 Nf6 3.c4 g6 4.Nc3 Bg7 5.g3 O-O 6.Bg2 d6 7.Nf3 Na6 8.O-O e5 9.
e4 Bd7 10.h3 Nc7 11.a4 b6 12.Be3 a6 13.Qc2 Qc8 14.Kh2 Qb7 15.Rfb1 b5 16.b3
b4 17.Ne2 Nxe4 18.Nxe5 Bxe5 19.Bxe4 Bxa1 20.Rxa1 f5 21.Bd3 Ne8 22.Bh6 Rf7 
23.Nf4 Nf6 24.g4 Qc8 25.Re1 Ra7 26.Ne6 Ne4 27.f3 Bxe6 28.dxe6 Qxe6 29.gxf5
gxf5 30.Qg2+ Rg7 31.Bxg7 Rxg7 32.Qb2 Qh6 33.Bxe4 Qf4+ 34.Kh1 fxe4 35.Qe2 
Qg3 0-1

[Event "10th Africa-ch (w)"]
[Site "Kampala UGA"]
[Date "2016.07.24"]
[Round "9"]
[White "Latreche, Sabrina"]
[Black "Mwango, Makumba Lorita"]
[Result "1-0"]
[WhiteElo "2066"]
[BlackElo "1938"]
[EventDate "2016.07.17"]
[PlyCount "85"]

1.Nf3 g6 2.e4 Bg7 3.d4 c6 4.Nc3 d5 5.exd5 cxd5 6.Bf4 Nf6 7.Bb5+ Bd7 8.
Bxd7+ Nbxd7 9.O-O O-O 10.Qe2 a6 11.Rfe1 e6 12.Qd2 Rc8 13.a4 Nb6 14.h3 Nc4 
15.Qc1 Qb6 16.b3 Nd6 17.a5 Qc6 18.Na4 Nd7 19.Ne5 Nxe5 20.dxe5 Nb5 21.Nb6 
Rc7 22.c4 dxc4 23.bxc4 Nd4 24.Qc3 Nf5 25.Rad1 Re8 26.Rd3 Bf8 27.Red1 Bc5 
28.Nd7 Kg7 29.Nf6 Ra8 30.Rd8 Rxd8 31.Rxd8 Rc8 32.Qd2 Be7 33.Bh6+ Nxh6 34.
Ne8+ Qxe8 35.Rxe8 Rxe8 36.Qd7 Kf8 37.Qxb7 Nf5 38.Qxa6 Nd4 39.Qb6 Rd8 40.a6
Bg5 41.Qxd8+ Bxd8 42.a7 Nc6 43.a8=Q 1-0

[Event "10th Africa-ch (w)"]
[Site "Kampala UGA"]
[Date "2016.07.24"]
[Round "9"]
[White "Mezioud, Amina"]
[Black "Laubscher, Anzel"]
[Result "1-0"]
[WhiteElo "2073"]
[BlackElo "1797"]
[EventDate "2016.07.17"]
[PlyCount "85"]

1.e4 d6 2.d4 Nd7 3.Nf3 e5 4.Bc4 c6 5.O-O Be7 6.dxe5 dxe5 7.Ng5 Bxg5 8.Qh5 
Qe7 9.Qxg5 Qxg5 10.Bxg5 Ngf6 11.f3 O-O 12.a4 a5 13.Nd2 b6 14.Rfd1 h6 15.
Be3 Ba6 16.Bxa6 Rxa6 17.Nc4 Rb8 18.Rd6 b5 19.axb5 Rxb5 20.b3 Kf8 21.Bd2 
Ke7 22.Rxa5 Rbxa5 23.Bxa5 Rxa5 24.Rxd7+ Nxd7 25.Nxa5 Kd6 26.Kf2 Kc5 27.c3 
Kb5 28.Nb7 f6 29.Ke3 c5 30.Nd6+ Kc6 31.Nc4 Nf8 32.h4 g6 33.Kd3 h5 34.Ne3 
Ne6 35.g3 Nc7 36.Kc4 Ne8 37.Nd5 Nd6+ 38.Kd3 Ne8 39.Ne7+ Kd6 40.Nxg6 Ke6 
41.g4 Ng7 42.gxh5 Nxh5 43.b4 1-0

[Event "10th Africa-ch (w)"]
[Site "Kampala UGA"]
[Date "2016.07.24"]
[Round "9"]
[White "Hamza, Amira"]
[Black "Angolikin, Goretti"]
[Result "1/2-1/2"]
[WhiteElo "1933"]
[BlackElo "1607"]
[EventDate "2016.07.17"]
[PlyCount "126"]

1.d4 f5 2.g3 Nf6 3.Bg2 d5 4.Nh3 e6 5.O-O h6 6.Nf4 g5 7.Ng6 Rg8 8.Nxf8 Rxf8
9.c4 c6 10.Nd2 Nbd7 11.Qc2 Qe7 12.Nf3 Rh8 13.b3 Nf8 14.Ne5 N6d7 15.Nxd7 
Bxd7 16.f3 O-O-O 17.e4 Kb8 18.a4 h5 19.Ba3 Qh7 20.Bd6+ Ka8 21.Be5 Rg8 22.
exd5 exd5 23.cxd5 cxd5 24.Rfc1 Ng6 25.Bf6 Rc8 26.Qd2 f4 27.Bxg5 fxg3 28.h4
Ne7 29.f4 Bf5 30.Qb4 Nc6 31.Qd2 Be4 32.Re1 Bxg2 33.Kxg2 Qf5 34.Rac1 Rce8 
35.Re3 Re4 36.Rce1 Rge8 37.Qd3 Qe6 38.Rxe4 dxe4 39.Qe3 Qd5 40.Rd1 a6 41.
Kxg3 Nb4 42.Rc1 Qf7 43.Rc4 Nd5 44.Qe2 e3 45.b4 Rg8 46.Rc5 Qxf4+ 47.Kh3 
Qxd4 48.Rc4 Qe5 49.b5 Qe6+ 50.Kg3 Qe5+ 51.Kh3 Qe6+ 52.Kg3 Rf8 53.bxa6 bxa6
54.Re4 Qxe4 55.Qxa6+ Kb8 56.Qd6+ Kb7 57.Qxf8 Qg4+ 58.Kh2 Qe2+ 59.Kh3 Qg4+ 
60.Kh2 Qe4 61.Qg7+ Ka8 62.Qf8+ Kb7 63.Qg7+ Ka8 1/2-1/2

[Event "10th Africa-ch (w)"]
[Site "Kampala UGA"]
[Date "2016.07.24"]
[Round "9"]
[White "Mudongo, Boikhutso"]
[Black "Kabengano, Joyce"]
[Result "1-0"]
[WhiteElo "1760"]
[BlackElo "1556"]
[EventDate "2016.07.17"]
[PlyCount "60"]

1.e4 c5 2.Nf3 d6 3.d4 cxd4 4.Nxd4 a6 5.Nc3 Nf6 6.Be2 e6 7.O-O Bd7 8.Be3 
Nc6 9.Kh1 Be7 10.f4 Qc7 11.Qe1 O-O 12.Qg3 Nh5 13.Rad1 Rac8 14.a3 b5 15.e5 
dxe5 16.Nxc6 Bxc6 17.fxe5 g6 18.Bd3 Ng7 19.Bh6 Rfd8 20.Rde1 Bf8 21.Qf2 Qb7
22.Be4 Nf5 23.Bxf8 Kxf8 24.Bxf5 exf5 25.e6 fxe6 26.Rxe6 Rd7 27.h3 Rcd8 28.
Qc5+ Rd6 29.Rxd6 Bxg2+ 30.Kg1 Rxd6 1-0

[Event "10th Africa-ch (w)"]
[Site "Kampala UGA"]
[Date "2016.07.24"]
[Round "9"]
[White "Namaganda, Christine"]
[Black "Van Niekerk, Megan"]
[Result "1/2-1/2"]
[WhiteElo "1564"]
[BlackElo "1594"]
[EventDate "2016.07.17"]
[PlyCount "119"]

1.d4 d5 2.Nf3 Nd7 3.e3 c6 4.Bd3 Ngf6 5.Nbd2 e6 6.c3 Bd6 7.e4 dxe4 8.Nxe4 
Nxe4 9.Bxe4 O-O 10.O-O h6 11.Re1 Qf6 12.Qe2 a5 13.Bc2 Rd8 14.Qe4 Nf8 15.h4
Qe7 16.g4 b5 17.g5 h5 18.Ne5 Bb7 19.Qf3 Bxe5 20.Rxe5 c5 21.Qxh5 cxd4 22.g6
fxg6 23.Bxg6 Nxg6 24.Qxg6 Qxh4 25.Rh5 Qe4 26.Qxe4 Bxe4 27.cxd4 Rxd4 28.Be3
Rd5 29.Rh4 Bf5 30.Rc1 Rad8 31.Bb6 Rd1+ 32.Rxd1 Rxd1+ 33.Kg2 Rd2 34.Bxa5 
Rxb2 35.Rb4 Rxa2 36.Rxb5 Rc2 37.Re5 Kf7 38.Bb6 Rc4 39.Be3 Kf6 40.Ra5 g5 
41.Kf1 Kg6 42.Rc5 Rh4 43.Kg2 Kh5 44.Re5 Kg4 45.Ra5 Be4+ 46.Kf1 Rh1+ 47.Ke2
Bf3+ 48.Kd2 Bd5 49.Ra4+ Kf5 50.Ra5 g4 51.Ra4 e5 52.Ra5 Bf3 53.Bb6 Ke6 54.
Bc7 e4 55.Bb6 Rh2 56.Ke1 Rg2 57.Kf1 Rh2 58.Ke1 Rg2 59.Kf1 Rh2 60.Ke1 
1/2-1/2

[Event "10th Africa-ch (w)"]
[Site "Kampala UGA"]
[Date "2016.07.24"]
[Round "9"]
[White "Domingos, Maria"]
[Black "Ampaire, Shakira"]
[Result "1-0"]
[WhiteElo "1712"]
[BlackElo "1367"]
[EventDate "2016.07.17"]
[PlyCount "109"]

1.e4 e5 2.Nf3 d6 3.Bc4 Be7 4.d4 exd4 5.Nxd4 Nf6 6.Nd2 O-O 7.O-O c5 8.Ne2 
Bg4 9.f3 Be6 10.Bd3 Nc6 11.c3 Qb6 12.Kh1 Ne5 13.Bc2 Nc4 14.Nxc4 Bxc4 15.
Re1 Rfd8 16.Ng3 Nd7 17.b3 Be6 18.Bb2 Bf6 19.Nh5 Bh4 20.Rf1 c4 21.Nf4 cxb3 
22.axb3 Bf6 23.Nh5 Bh4 24.f4 Rac8 25.f5 Bc4 26.Rf4 Bf6 27.Rg4 g6 28.fxg6 
hxg6 29.Qd2 Bxb3 30.Bxb3 Qxb3 31.Nxf6+ Nxf6 32.Rh4 Rc5 33.c4 Nh5 34.Qd4 
Re5 35.Qd2 Rc5 36.Qf2 f5 37.Rxh5 gxh5 38.Qd4 Re5 39.Ra3 Qc2 40.Rg3+ Kf7 
41.h3 h4 42.Rf3 Rg8 43.Rf2 Qxe4 44.Qxa7 Re6 45.Qb6 Kg6 46.Kh2 Kh5 47.Qc7 
Kh6 48.Bc1+ f4 49.Bxf4+ Rg5 50.Bxg5+ Kxg5 51.Qd8+ Kh6 52.Qf8+ Kh5 53.Rf5+ 
Kg6 54.Qf7+ Kh6 55.Rh5# 1-0

[Event "10th Africa-ch (w)"]
[Site "Kampala UGA"]
[Date "2016.07.24"]
[Round "9"]
[White "Fisher, Michelle"]
[Black "Babirye, Stella"]
[Result "1-0"]
[WhiteElo "1681"]
[BlackElo "1244"]
[EventDate "2016.07.17"]
[PlyCount "85"]

1.e4 e5 2.Nf3 Nc6 3.d4 d6 4.d5 Nce7 5.Be3 c6 6.dxc6 Nxc6 7.Nc3 h6 8.Bc4 
Nf6 9.O-O Na5 10.Bd3 Be6 11.Qe2 Be7 12.Rad1 O-O 13.Bb5 Qc7 14.Nd5 Nxd5 15.
exd5 Bf5 16.b4 a6 17.Ba4 Nc4 18.Bb3 Nxe3 19.Qxe3 Rac8 20.c4 Rfd8 21.Rfe1 
f6 22.Nh4 Bh7 23.c5 Kh8 24.cxd6 Qxd6 25.a3 a5 26.Rc1 axb4 27.axb4 Qxb4 28.
Nf3 Bg8 29.Qd3 Bf8 30.Red1 Qd6 31.Nh4 Bh7 32.Ng6+ Kg8 33.Qg3 e4 34.Nxf8 
Qxg3 35.hxg3 Kxf8 36.d6 Rxc1 37.Rxc1 Rxd6 38.Rc7 Bg6 39.Rxb7 Rd2 40.Ba4 
Rd6 41.Rb8+ Kf7 42.Be8+ Ke6 43.Bxg6 1-0

[Event "10th Africa-ch (w)"]
[Site "Kampala UGA"]
[Date "2016.07.24"]
[Round "9"]
[White "Nansubuga, Gloria"]
[Black "Joyce, Nyaruai"]
[Result "0-1"]
[WhiteElo "1445"]
[BlackElo "1471"]
[EventDate "2016.07.17"]
[PlyCount "119"]

1.e4 e5 2.Nf3 Nf6 3.Nxe5 Qe7 4.Nf3 Qxe4+ 5.Qe2 Bc5 6.Nc3 Qe6 7.Qxe6+ dxe6 
8.h3 a6 9.a3 O-O 10.b4 Ba7 11.Bc4 b5 12.Be2 Nc6 13.O-O Bb7 14.Bb2 Rad8 15.
d3 Nd4 16.Nxd4 Bxd4 17.Rab1 Ba7 18.Kh2 Rd7 19.f4 Rc8 20.Rbc1 Bb8 21.Bf3 c6
22.g3 Nd5 23.Nxd5 cxd5 24.Rf2 Rdc7 25.Be5 Ba7 26.Re2 Rc6 27.Kg2 d4 28.Bxc6
Rxc6 29.Kh2 f6 30.Bxf6 gxf6 31.h4 h5 32.Kh3 Bc8 33.Kh2 Bb8 34.Re4 Kf7 35.
Rxd4 Rc3 36.Rd8 e5 37.fxe5 Bxe5 38.Rd5 Bf5 39.Rc5 Rxa3 40.Rf1 Kg6 41.Kg2 
Bg4 42.Rc6 Bd7 43.Rc5 Bd6 44.Kf3 Bxc5 45.bxc5 Rc3 46.Rc1 Rxc5 47.Ke2 b4 
48.Kd2 a5 49.Rb1 Rc3 50.Ra1 a4 51.Rb1 a3 52.Kc1 a2 53.Ra1 Be6 54.Kb2 Ra3 
55.Rg1 Kf5 56.Rf1+ Kg4 57.Ka1 f5 58.Rf4+ Kxg3 59.Rxb4 f4 60.Rb6 0-1